Taylor Swift - Chansons commençant par R - Statistiques

Statistiques générales
  • Ce quiz a été pris 562 fois
    118 depuis la dernière actualisation
  • Le résultat moyen est 5 sur 7
Statistiques - réponses
R % Correct
Red
93%
Ronan
85%
Ready For It...?
81%
right where you left me
77%
Ruin the Friendship
73%
Robin
67%
Run
66%
Aucun quiz correspondant
Distribution des résultats
% des personnes avec chaque résultat
Percentile par nombre de réponses
Votre historique - résultats
Vous n’avez pas pris ce quiz depuis la dernière actualisation